000 00288nam a22001097a 4500
008 160523b xxu||||| |||| 00| 0 eng d
020 _a0897873378
041 _aeng
080 _a316.77
245 _aUnderstanding family communication:
_cJanet Yerby; NancyBuerkel-Rothfus;
942 _2udc
_cBK
999 _c2385
_d2385